000 00329nam a2200121Ia 4500
008 220217s9999||||xx |||||||||||||| ||und||
082 _a004.67 CLA
100 _aClass, Michael, K
245 0 _aBeginning PHP, apache, my SQL web development
260 _aTata mcgraw hill
_bNew Delhi
_c2004
300 _b429
650 _aWWW
999 _c173134
_d173134